STN EN ISO 5492: 2010 (56 0033) : senzorická analýza : slovník : apríl 2010
Salvato in:
| Natura: | Libro |
|---|---|
| Lingua: | slovacco |
| Pubblicazione: |
Bratislava :
SÚTN
2010
|
| Soggetti: | |
| Tags: |
Nessun Tag, puoi essere il primo ad aggiungerne!!
|
MARC
| LEADER | 00000nam a22000003a 4500 | ||
|---|---|---|---|
| 001 | 0104170 | ||
| 005 | 20230817125713.2 | ||
| 008 | 050905s2005----xo------------------slo-d | ||
| 040 | |a STU |b slo | ||
| 041 | 0 | |a slo | |
| 044 | |a xo | ||
| 080 | |a 658.56 | ||
| 245 | |a STN EN ISO 5492: 2010 (56 0033) : |b senzorická analýza : slovník : apríl 2010 | ||
| 260 | |a Bratislava : |b SÚTN |c 2010 | ||
| 300 | |a 48 s. | ||
| 650 | 7 | |a kvalita |2 stusub | |
| 650 | 7 | |a manažment kvality |2 stusub | |
| 996 | |b 284M089415 |c M* N-1716-1 |l MMKN |s A |a 24 |w 0104170_0001 | ||